「駅」のつく駅/停留場 - Statistics

General Stats
  • This quiz has been taken 96 times
  • The average score is 23 of 36
Answer Stats
路線 Answer % Correct
函館市電 函館駅前
86%
広島電鉄 広島駅
86%
富山地鉄市内線/富山港線 富山駅
85%
豊橋鉄道東田本線 駅前
83%
岡山電気鉄道 岡山駅前
82%
福井鉄道福武線 福井駅
81%
宇都宮ライトレール 宇都宮駅東口
79%
とさでん交通 高知駅前
79%
熊本市電 熊本駅前
79%
鹿児島市電 鹿児島駅前
79%
万葉線 高岡駅
78%
長崎電気軌道 長崎駅前
78%
都電荒川線 王子駅前
76%
伊予鉄市内線 松山駅前
76%
鹿児島市電 鹿児島中央駅前
75%
都電荒川線 大塚駅前
74%
阪堺上町線 天王寺駅前
72%
富山地鉄市内線 南富山駅前
68%
福塩線 駅家
63%
都電荒川線 町屋駅前
63%
伊予鉄市内線 松山市駅前
63%
長崎電気軌道 浦上駅前
63%
広島電鉄 横川駅
60%
とさでん交通 伊野駅前
58%
筑豊電気鉄道 黒崎駅前
56%
阪堺線 新今宮駅前
54%
熊本市電 新水前寺駅前
51%
鹿児島市電 南鹿児島駅前
51%
富山地鉄市内線 電鉄富山駅・エスタ前
44%
とさでん交通 朝倉駅前
44%
阪堺線 浜寺駅前
43%
一畑電車北松江線 湖遊館新駅
43%
豊橋鉄道東田本線 駅前大通
39%
宇都宮ライトレール 駅東公園前
32%
岡山電気鉄道 東山・おかでんミュージアム駅
21%
とさでん交通 旭駅前通
13%
No matching quizzes found
Score Distribution
Percent of People with Each Score
Percentile by Number Answered
Your Score History
You have not taken this quiz